MDQL
is popping MORE tags! Check the
thread
!
Quizzes
Events
Quiz Creation
Community
Videos
Private Events
Remove Ads
Sign In
Join for FREE
Feedback
Dark Mode
Quiz Categories
Sports
Geography
Music
Movies
Television
Just For Fun
Miscellaneous
History
Literature
Language
Science
Gaming
Entertainment
Religion
Holiday
For Kids
Quiz Lab
Recent
Popular Today
Quiz Kudos Today
Editor Picks
Curator Picks
Quizzes by...
Day
Popularity
Type
Ratings
Length
Year
Community
Subscriptions
Recent Discussions
Orange Saloon
Badges
Playlists
Quests
Create
Leaderboards
Showdown
Live 5
Trivia Bingo
Activity
Puzzle Library
Sporcle Events
Private Events
Virtual Trivia
Globe League
Become a Host
Pub Owners
SporcleCon
Opinionation
Our Games
Videos
Blog
Mobile Apps
Partnerships
Remove Ads and Go Orange
Feedback
Science
Computer
Plants
Astronomy
Chemistry
Elements
Math
Animal
Physics
Anatomy
Biology
Geology
General Science
Science
Computer
Plants
Astronomy
Chemistry
Elements
Math
Animal
Physics
Anatomy
Biology
Geology
General Science
Random Quiz
Search Sporcle
×
Quiz Lab
Quiz Lab
Science
Vocabulary
Type in answers that appear in a list
Type in answers that appear in a list
Classic
Best Score? Go Orange.
Terminology for health care Stats
Can you name the terminology for health care?
By
Ginger20
10m
74 Questions
44 Plays
44 Plays
44 Plays
Comments
Comments
Give Quiz Kudos
Give Quiz Kudos
-
- Ratings
hide this ad
Replay
Link that replays current quiz
Next Quiz
Link to next quiz in quiz playlist
You Got
0%
They Got
Avg Score
41%
Avg Friend Score
Upgrade to see
Score Distribution
Jump to the score distribution portion of the page
Score
0/74
Timer
10:00
0
Plays Today
term
meaning
% Correct
post-
after
90.9%
pre-
before
90.9%
micro-
small
77.3%
cardi
heart
77.3%
bi-
two
72.7%
hyper-
over
72.7%
mega-
large
72.7%
cerebr
brain
72.7%
encephal(o)
brain
72.7%
gastr
stomach
72.7%
brady-
slow
68.2%
a-
without
65.9%
circum-
around
65.9%
sub-
under
65.9%
mamm
breast
65.9%
peri-
around
63.6%
poly-
many
61.4%
cephal
head
61.4%
hyster
uterus
59.1%
oste(o)
bone
59.1%
uter
uterus
59.1%
ad-
to
56.8%
crani
skull
56.8%
ocul
eye
56.8%
ophthalm
eye
56.8%
epi-
above
54.5%
supra-
above
54.5%
hepat
liver
54.5%
hemi-
half
52.3%
nephr
kidney
52.3%
ren
kidney
52.3%
dys-
bad
50%
arter(i)
artery
50%
col(on)
colon
50%
my(o)
muscle
45.5%
pneumo
lungs
45.5%
trache
trachea
45.5%
term
meaning
% Correct
contra-
against
43.2%
hypo-
below
43.2%
para-
beside
40.9%
colp
vagina
40.9%
neur
nerve
40.9%
arthr
joint
38.6%
thorac
chest
38.6%
trans-
through
36.4%
chol(e)
bile
34.1%
ureter
ureter
34.1%
end-
within
31.8%
inter-
between
31.8%
intra-
within
31.8%
retro-
behind
29.5%
enter
intestine
29.5%
tachy-
rapid
27.3%
mening
meninges
27.3%
pseudo-
false
25%
cholecyst
gall bladder
25%
hom
same
22.7%
mal-
poor
20.5%
ab-
away from
15.9%
pan-
all
15.9%
cost
rib
13.6%
prostat
prostate gland
11.4%
lith(o)
stone
9.1%
per-
through
6.8%
hysdr
water
6.8%
gyn(ec)
pertaining to women
2.3%
pyel(o)
renal pelvis
2.3%
dis-
apart from
0%
olig(o)-
scanty
0%
cyst(o)
any sac containing fluid
0%
myel(o)
spinal cord, bone marrow
0%
ped
child, foot
0%
proct(o)
rectum, anus
0%
vas
vessel, duct
0%
Quiz Playlist
Details
Report
Send in Message
Add To Playlist
Classic:
Type in answers that appear in a list
Last Updated: Feb 16, 2017
Quiz Scoreboard
CHALLENGE
Sign Up to Join the Scoreboard
Show All
Scores
Hide
Comments
May contain spoilers
Recently Published
Two Season TV Shows II
by 123Four
Television
10m
Image Sorting: Flags VI
by Barbecue
Geography
2m
Find the 'City' Movie
by crazypaving
Movies
60s
More to Explore
Quiz From the Vault
Featured Blog Post
14 Easter Pick-up Lines to Find Eggs With
hide this ad
You Might Also Like...
Tags
Vocabulary Quiz
health
Today's Top Quizzes in Science
Browse Science
hide this ad
Today's Top Quizzes in Vocabulary
Browse Vocabulary
Top Contributed Quizzes in Science
1
Mitosis Sporcle for Escape Room
2
Windmill: Elements
3
200 Vogels in Nederland
4
Square Numbers Scrambled (1-50)
5
Elements In Images
6
Glycolysis
7
Count to 60
8
Quick Pick: 'CI-CJ' Animals
9
17 TIMES TABLE
10
perfect squares 1-25
Explore More
Trending Topics
Crossword
Kpop
NBA
Disney
Anime
Harry Potter
Marvel
Soccer
The Office
Puzzle
NFL
WWE
Pokémon
Song
Country
hide this ad
More By:
Ginger20
Quiz
Plays
Rating
Category
Featured
Created
terminology for health care part two
73
3.00
Science
Jan 26, 2011
terminology for health care
44
Science
Jan 26, 2011
Go to Creator's Profile
Score Distribution
Quiz Creator Spotlight
Ginger20
Follow
Send a Message
Quizzes Created
-
Created Quiz Play Count
-
More By This Creator
Popular Quizzes Today
1
Find the US States - No Outlines Minefield
2
Colored Red Africa Blitz
3
Find the 'City' Movie
4
5x2 Blitz: Bands
5
The Countries of the World
6
Find the Countries of Europe - No Outlines Minefield
7
Find the US States
8
US States
More Science Quizzes
Somewhere in the Middle (Anatomy)
Published
Trending Quizzes
Colored Red Europe Blitz I
Colored Red Africa Blitz II
Colored Red Europe Blitz II
Colored Red Europe Blitz III
Colored Red Africa Blitz III
Recently Updated
How Do You Spell That?
pecheneg
Godzilla Movies
pecheneg
Grab Bag: 4-10 Letters
pecheneg
2024 March Madness Bracket
pecheneg
Famous TV Couples
Peacemaker
Champions League XIs: Real Madrid
pecheneg
Largest US Cities 1790-2010
pecheneg
Rides in Walt Disney World
pecheneg
Most Oscar Losses (Acting)
pecheneg
Beyoncé Albums
pecheneg
Trending Topics
Crossword
NBA
Anime
Harry Potter
Marvel
Disney
Kpop
Pokémon
The Office
Soccer
Song
Country
NFL
WWE
Puzzle
Your Account Isn't Verified!
In order to create a playlist on Sporcle, you need to verify the email address you used during registration. Go to your
Sporcle Settings
to finish the process.
Report this User
Report this user for behavior that violates our
Community Guidelines
.
Details:
Send Report
Go to the Sporcle.com Mobile Site →
Comments